Módulo de Intervención en crisis: violencia conyugal /

Gespeichert in:
Bibliographische Detailangaben
1. Verfasser: Claramunt M., Cecilia
Weitere Verfasser: comp
Format: Text
Veröffentlicht: San José: UCR. FCS. EPS
Tags: Tag hinzufügen
Keine Tags, Fügen Sie den ersten Tag hinzu!

MARC

LEADER 00000 a a2200000 04500
001 33156
003
040
090 |a 206509  
100 |a Claramunt M., Cecilia  
245 |a Módulo de Intervención en crisis: violencia conyugal /  |c Cecilia Claramunt M. 
260 |a San José:   |b UCR. FCS. EPS  
300 |a 132 p.  
700 |a comp.  
999 |c 3466  |d 3466